<?xml version="1.0" encoding="UTF-8"?>
<record
    xmlns:xsi="http://www.w3.org/2001/XMLSchema-instance"
    xsi:schemaLocation="http://www.loc.gov/MARC21/slim http://www.loc.gov/standards/marcxml/schema/MARC21slim.xsd"
    xmlns="http://www.loc.gov/MARC21/slim">

  <leader>00721nam a2200145   4500</leader>
  <controlfield tag="008">370.1 F866g</controlfield>
  <datafield tag="020" ind1=" " ind2=" ">
    <subfield code="a">9786070301582</subfield>
  </datafield>
  <datafield tag="082" ind1=" " ind2=" ">
    <subfield code="a">370.1</subfield>
    <subfield code="b">F866g</subfield>
  </datafield>
  <datafield tag="100" ind1=" " ind2=" ">
    <subfield code="a">Freire, Paulo</subfield>
    <subfield code="9">6237</subfield>
  </datafield>
  <datafield tag="245" ind1=" " ind2=" ">
    <subfield code="a">el grito manso</subfield>
  </datafield>
  <datafield tag="260" ind1=" " ind2=" ">
    <subfield code="a">M&#xE9;xico</subfield>
    <subfield code="b">Siglo XXI</subfield>
    <subfield code="c">2010</subfield>
  </datafield>
  <datafield tag="300" ind1=" " ind2=" ">
    <subfield code="a">112 p.</subfield>
    <subfield code="b">ill</subfield>
    <subfield code="c">21 x 13,5 cm</subfield>
  </datafield>
  <datafield tag="505" ind1=" " ind2=" ">
    <subfield code="t">Prefacio</subfield>
    <subfield code="t">Palabras preliminares: La construcci&#xF3;n de la propia existencia, por Orlando Balbo y Augusto Bianco</subfield>
    <subfield code="t">1. Feliz y desafiado</subfield>
    <subfield code="t">2. Pr&#xE1;ctica de la pedagog&#xED;a cr&#xED;tica</subfield>
    <subfield code="t">3. Elementos de la situaci&#xF3;n educativa</subfield>
    <subfield code="t">4. La lucha no se acaba, se reinventa</subfield>
    <subfield code="t">5. La confrontaci&#xF3;n no es pedag&#xF3;gica sino pol&#xED;tica</subfield>
    <subfield code="t">Ap&#xE9;ndices</subfield>
  </datafield>
  <datafield tag="650" ind1=" " ind2=" ">
    <subfield code="x">Educaci&#xF3;n</subfield>
    <subfield code="x">filosof&#xED;a de la educaci&#xF3;n</subfield>
    <subfield code="x">pedagog&#xED;a</subfield>
    <subfield code="x">teor&#xED;a de la educaci&#xF3;n</subfield>
    <subfield code="9">6246</subfield>
  </datafield>
  <datafield tag="999" ind1=" " ind2=" ">
    <subfield code="c">1429</subfield>
    <subfield code="d">1429</subfield>
  </datafield>
  <datafield tag="952" ind1=" " ind2=" ">
    <subfield code="0">0</subfield>
    <subfield code="1">0</subfield>
    <subfield code="2">ddc</subfield>
    <subfield code="4">0</subfield>
    <subfield code="7">0</subfield>
    <subfield code="a">LV</subfield>
    <subfield code="b">LV</subfield>
    <subfield code="c">Pensamiento</subfield>
    <subfield code="d">2018-04-28</subfield>
    <subfield code="l">0</subfield>
    <subfield code="o">370.1 F866g</subfield>
    <subfield code="p">004579</subfield>
    <subfield code="r">2018-04-28 00:00:00</subfield>
    <subfield code="w">2018-04-28</subfield>
    <subfield code="y">01</subfield>
  </datafield>
</record>
